Jak jsem křtil medvěda /

Hlavní autor: Moric, Rudo, 1921-1985
Další autoři: Krásl, Jiří, 1928-2004, Vodičková, Marie, 1930-
Jazyk: Čeština
Vydáno: Praha : Albatros, 1980
Vydání: 1. vyd.
Edice: Mezinárodní série
Témata:
Externí odkaz: Digitalizovaný dokument
Fyzický popis: 47 s.
Knihy
Uloženo v:
LEADER 01278nam a22003372a 4500
001 000411133
003 CZ BrMZK
005 20080604132656.0
007 ta
008 990307s1980 xr a cze d
015 |a cnb000394485 
035 |a (OCoLC)40086535 
040 |a BOA001  |b cze 
041 1 |a cze  |h slo 
100 1 |a Moric, Rudo,  |d 1921-1985  |7 jo20000074109  |4 aut 
245 1 0 |a Jak jsem křtil medvěda /  |c Rudo Moric ; ze slov. orig. přel. Marie Vodičková ; il. Jiří Krásl 
250 |a 1. vyd. 
260 |a Praha :  |b Albatros,  |c 1980 
300 |a 47 s. 
490 1 |a Mezinárodní série 
521 8 |a Pro děti od 5 let 
700 1 |a Krásl, Jiří,  |d 1928-2004  |7 jk01062907  |4 ill 
700 1 |a Vodičková, Marie,  |d 1930-  |7 jk01150263  |4 trl 
830 0 |a Mezinárodní série  |0 s 
856 4 1 |u http://www.digitalniknihovna.cz/mzk/uuid/uuid:dba26b10-fa6d-11e2-9923-005056827e52  |y Digitalizovaný dokument  |x NDK 
910 |a BOA001  |b PK-N-0022.209  |b 3-0826.452 
964 |a Zahrady zoologické - vyprávění pro děti 
990 |a BK 
991 |b 200805 
996 6 |b 2618704115  |c 3-0826.452  |l MZK  |r Sklad / do 1 hodiny  |n 0  |w 000411133  |u 000020  |a 1  |e BOA001  |j MZK50  |s P 
996 7 |b 3119823737  |c PK-N-0022.209  |l MZK  |r Sklad / do 1 hodiny  |n 1  |w 000411133  |u 000010  |a 1  |e BOA001  |j MZK50  |s A